000 00665cam a22002413a 4500
001 2058
003 PGUSA
005 20140828083010.0
008 000201s2000||||xxu|||||s|||||000 1 eng d
040 _aPGUSA
_beng
042 _adc
050 4 _aPR
100 1 _aByrne, Donn,
_d1889-1928
245 1 0 _aMesser Marco Polo
_h[electronic resource] /
_cDonn Byrne
260 _bProject Gutenberg,
_c2000
506 _aPublic domain in the USA.
516 _aElectronic text
653 _aPolo, Marco, 1254-1323? -- Fiction
653 _aBiographical fiction
830 0 _aProject Gutenberg
_v2058
856 4 0 _uhttp://www.gutenberg.org/ebooks/2058
942 _cEB
999 _c231397
_d231397